IX Consejo Nacional de F.E.T. y de las J.O.N.S., (celebrado en el Monasterio de las Huelgas, Burgos, el 2 de octubre de 1961) : (Record no. 46878)

MARC details
000 -LEADER
campo de control de longitud fija 00808nam a2200193 i 4500
001 - NÚMERO DE CONTROL
campo de control 46878
003 - IDENTIFICADOR DE NÚMERO DE CONTROL
campo de control ES-MaACL
005 - FECHA Y HORA DE LA ÚLTIMA TRANSACCIÓN
campo de control 20230906161449.0
007 - CAMPO FIJO DE DESCRIPCIÓN FÍSICA--INFORMACIÓN GENERAL
campo de control de longitud fija t|
008 - DATOS DE LONGITUD FIJA--INFORMACIÓN GENERAL
campo de control de longitud fija 030401s1961 sp ||||1| spa d
110 2# - ENTRADA PRINCIPAL--NOMBRE DE ENTIDAD CORPORATIVA
Nombre de entidad corporativa o nombre de jurisdicción como elemento de entrada Falange Española Tradicionalista y de las J.O.N.S.
Unidad subordinada Consejo Nacional (
Número del congreso/reunión o número de parte o sección 9º.
Fecha del congreso o de la firma del tratado 1961.
Sede del congreso/Lugar de la reunión Burgos)
9 (RLIN) 171826
245 10 - MENCIÓN DEL TÍTULO
Título IX Consejo Nacional de F.E.T. y de las J.O.N.S., (celebrado en el Monasterio de las Huelgas, Burgos, el 2 de octubre de 1961) :
Resto del título [Decreto de constitución y discursos].
260 ## - PUBLICACIÓN, DISTRIBUCIÓN, ETC.
Lugar de publicación, distribución, etc. [Madrid] :
Nombre del editor, distribuidor, etc. Ediciones del Movimiento,
Fecha de publicación, distribución, etc. 1961.
300 ## - DESCRIPCIÓN FÍSICA
Extensión 48 p. ;
Dimensiones 22 cm.
610 24 - PUNTO DE ACCESO ADICIONAL DE MATERIA--NOMBRE DE ENTIDAD CORPORATIVA
Nombre de entidad corporativa o nombre de jurisdicción como elemento de entrada Falange Española Tradicionalista y de las J.O.N.S.
9 (RLIN) 4086
651 #4 - PUNTO DE ACCESO ADICIONAL DE MATERIA--NOMBRE GEOGRÁFICO
Nombre geográfico España-
Subdivisión general Historia-
Subdivisión cronológica 1955-1975.
9 (RLIN) 8337
710 2# - ENTRADA AGREGADA--NOMBRE DE ENTIDAD CORPORATIVA
Nombre de entidad corporativa o nombre de jurisdicción como elemento de entrada Ediciones del Movimiento.
9 (RLIN) 171800
852 ## - LOCALIZACIÓN
Ubicación ES-MaACL
Número de control de estantería 2032-F-16
Holdings
Estatus retirado Estado de pérdida Estado de daño No para préstamo Colección Biblioteca de origen Biblioteca actual Ubicación en estantería Fecha de adquisición Fuente de adquisición Total de préstamos Signatura topográfica completa Código de barras Visto por última vez Precio de reemplazo Tipo de ítem Koha
        Colección de folletos Biblioteca del Ateneo de Madrid Biblioteca del Ateneo de Madrid Depósito folletos 17/01/2008     2032-F-16 1049303 23/02/2023 23/02/2023 Folleto